| 000 | 01268nam a2200265Ia 4500 | ||
|---|---|---|---|
| 999 |
_c54650 _d54650 |
||
| 001 | 21717 | ||
| 003 | GE_BSU | ||
| 005 | 20211221165611.0 | ||
| 008 | 181216s ||||ge |||||||||||||| ||geo|| | ||
| 040 | _cGE_BSU | ||
| 041 | _ageo | ||
| 080 | _a811.353.1'01(082) შ-21 | ||
| 100 |
_aშანიძე, აკაკი _913332 |
||
| 245 |
_aძველი ქართულის ქრესტომათია ლექსიკონითურთ I : _b ქრესტომათია / _cაკაკი შანიძე. |
||
| 264 |
_aთბილისი : _bსახ. უნ-ტის გამ-ბა, _c1935. |
||
| 300 |
_a112 გვ. ; _c20 სმ. |
||
| 500 | _aქარაგმები გვ. : 97-112 | ||
| 501 | _aდამატებითი თავფურცელი რუსულ და გერმანულ ენებზე | ||
| 520 | _aდამატებითი თავფ. რუს. და გერმ. ენებზე. | ||
| 541 | _h1ლ. 20თ. | ||
| 653 | _aქართული ენა | ||
| 653 | _aქრესტომათია | ||
| 653 | _aძველი ქართულის ქრესტომათია ლექსიკონითურთ | ||
| 942 |
_cBK _2udc |
||